| 000 | 01042nam0a22002531 4500 | ||
|---|---|---|---|
| 001 | rc\4667559 | ||
| 005 | 20130416204005.0 | ||
| 035 | _a(NLR Aleph) 008419618 | ||
| 090 |
_a9348411 _c9348411 |
||
| 100 | _a20130416d1965 |||y0rusy50 ca | ||
| 101 | 0 | _arus | |
| 102 | _aRU | ||
| 105 | _ay z ||||| | ||
| 200 | 1 |
_aПроизводство нетканых текстильных материалов в СССР и за рубежом _fЦентр. ин-т науч.-техн. информации легкой пром-сти. Гос. ком. по легкой пром-сти при Госплане СССР |
|
| 210 |
_aМосква _cБ. и. _d1965 |
||
| 215 |
_a17 с., включ. обл. _d22 |
||
| 300 | _aСост. указан на обороте тит. л. | ||
| 333 | _aДля служебного пользования. Экз. № 5 | ||
| 700 | 1 |
_aПетухов _bГ. Н. _gГерман Николаевич |
|
| 801 | 0 |
_aRU _bNLR _gpsbo |
|
| 801 | 1 |
_aRU _bELAR _2rusmarc |
|
| 852 |
_aNLR _j65-6/10258 |
||
| 942 | _cBOOK | ||
| 980 | _aNB | ||